000
00285nam a22001217a 4500
008
170925b xxu||||| |||| 00| 0 eng d
041
_a
eng
080
_a
37
100
_a
46
101
_a
EDU
245
_a
ETHICS IN THE EDUCATION FOR BUSINESS MANAGERS
_c
POWERS,CH.W
942
_2
udc
_c
BK
999
_c
29531
_d
29531